[Event "38th TCh-GRE DivA"]
[Site "Peristeri GRE"]
[Date "2010.07.09"]
[Round "5"]
[White "Stefanidi,M1"]
[Black "Genova,Ly"]
[Result "0-1"]
[WhiteElo "2092"]
[BlackElo "2260"]
[EventDate "2010.07.05"]

1. e4 c5 2. Nf3 e6 3. d4 cxd4 4. Nxd4 Nc6 5. Nxc6 bxc6 6. Bd3 Nf6 7. O-O d6
8. c4 Be7 9. Nc3 O-O 10. Qe2 e5 11. h3 c5 12. f4 Nd7 13. f5 Bb7 14. Be3 Bg5
15. Rad1 Bxe3+ 16. Qxe3 Qe7 17. Be2 Rfd8 18. Rd3 a6 19. Qd2 Nf6 20. Bf3 Rd7
21. g4 Kh8 22. g5 Ng8 23. Bg4 f6 24. h4 Rad8 25. Rg3 Rc7 26. Bh5 Qf8 27.
Qe2 Bc6 28. Kh2 Rb8 29. b3 Rcb7 30. Bg6 h6 31. Nd1 a5 32. Rfg1 a4 33. Qc2
axb3 34. axb3 Ra7 35. Nf2 Rba8 36. R1g2 Ra2 37. Qd1 Rb2 38. Rd3 Rd8 39. Qf3
Ra8 40. Qd1 Rd8 41. Qa1 Re2 42. Bh5 Rxe4 43. Nxe4 Bxe4 44. Qf1 Bxg2 45.
Kxg2 Qe7 46. g6 Qd7 47. Qf3 Ne7 48. Bg4 Nc6 49. Qd5 Nb4 50. Qe4 Nxd3 0-1

[Event "38th TCh-GRE DivA"]
[Site "Peristeri GRE"]
[Date "2010.07.10"]
[Round "6"]
[White "Macieja,B"]
[Black "Georgiadis,I"]
[Result "1-0"]
[WhiteElo "2639"]
[BlackElo "2457"]
[EventDate "2010.07.05"]

1. Nf3 Nf6 2. c4 e6 3. Nc3 b6 4. g3 Bb7 5. Bg2 Be7 6. d4 O-O 7. d5 Bb4 8.
Bd2 Na6 9. O-O Nc5 10. Nh4 Re8 11. a3 Bxc3 12. Bxc3 exd5 13. cxd5 Nce4 14.
Qd3 Nxc3 15. bxc3 d6 16. e4 c6 17. c4 b5 18. cxb5 cxd5 19. exd5 a6 20. a4
axb5 21. axb5 Rxa1 22. Rxa1 Qb6 23. Nf5 g6 24. Ne3 Qc5 25. h4 Rb8 26. Qa3
Ra8 27. Qb2 Rxa1+ 28. Qxa1 Nd7 29. Qa5 Kg7 30. Qa1+ Kg8 31. Qb2 h5 32. Qb3
Ne5 33. Be4 Kf8 34. Kg2 f5 35. Bf3 Ke7 36. Be2 Qd4 37. Qa2 Kd7 38. Kg1 Ng4
39. Bxg4 hxg4 40. Qb3 f4 41. gxf4 Qxf4 42. b6 g3 43. Qc2 Ba6 44. Ng2 gxf2+
45. Qxf2 Qc1+ 46. Kh2 Qc5 47. Qxc5 dxc5 48. Kg3 Kd6 49. Nf4 c4 50. Kf2 c3
51. Ke3 Kc5 52. Nxg6 Kxb6 53. Nf4 Kc5 54. h5 Kb4 55. h6 1-0

[Event "38th TCh-GRE DivA"]
[Site "Peristeri GRE"]
[Date "2010.07.10"]
[Round "6"]
[White "Goumas,G"]
[Black "Banikas,H"]
[Result "0-1"]
[WhiteElo "2298"]
[BlackElo "2591"]
[EventDate "2010.07.05"]

1. c4 c5 2. Nf3 Nf6 3. g3 d5 4. cxd5 Nxd5 5. Bg2 Nc6 6. O-O e5 7. Nc3 Nc7
8. d3 Be7 9. Nd2 O-O 10. Nc4 f6 11. f4 exf4 12. Bxf4 Kh8 13. Bxc7 Qxc7 14.
Nd5 Qd8 15. Nf4 Bd7 16. a4 Rb8 17. h4 Bg4 18. Bxc6 bxc6 19. h5 Qe8 20. Kf2
Bxh5 21. Rh1 Bg4 22. Ne3 Bd7 23. Qc2 g5 24. Qc4 Rb4 25. Rxh7+ Kxh7 26. Rh1+
Kg7 27. Ne6+ Kg6 28. Nf5 Rxc4 29. Rh6+ Kxf5 30. Ng7+ Ke5 0-1

[Event "38th TCh-GRE DivA"]
[Site "Peristeri GRE"]
[Date "2010.07.10"]
[Round "6"]
[White "Kotronias,V"]
[Black "Sigalas,F"]
[Result "1/2-1/2"]
[WhiteElo "2582"]
[BlackElo "2276"]
[EventDate "2010.07.05"]

1. c4 e6 2. Nf3 Nf6 3. g3 b6 4. Bg2 Bb7 5. O-O Be7 6. d3 d5 7. cxd5 exd5 8.
Nh4 O-O 9. Nf5 Re8 10. Nxe7+ Qxe7 11. Nc3 Nbd7 12. Bf4 Nc5 13. d4 Ne6 14.
Be5 Rad8 15. Qa4 a5 16. Bxf6 Qxf6 17. Rfd1 Ng5 18. h4 Ne4 19. Nxe4 dxe4 20.
Rac1 Re7 21. e3 Bd5 22. a3 Qd6 23. b4 axb4 24. Qxb4 Qxb4 25. axb4 Ra8 26.
Bf1 f5 27. Bh3 g6 28. g4 fxg4 29. Bxg4 c6 30. b5 cxb5 31. Rb1 Ra5 32. Be2
Ra2 33. Rxb5 Rxe2 34. Rxd5 Rf7 35. Rf1 Rb7 36. Rb5 Kg7 37. Kg2 h5 38. Kg1
Kh7 39. Re5 b5 40. Rxe4 b4 41. d5 Rd2 42. Rb1 b3 43. Rd4 Rxd4 44. exd4 Rb4
45. d6 Rxd4 46. Rxb3 1/2-1/2

[Event "38th TCh-GRE DivA"]
[Site "Peristeri GRE"]
[Date "2010.07.10"]
[Round "6"]
[White "Homatidis,P"]
[Black "Tzermiadianos,An"]
[Result "1/2-1/2"]
[WhiteElo "2122"]
[BlackElo "2425"]
[EventDate "2010.07.05"]

1. e4 d5 2. exd5 Qxd5 3. Nc3 Qa5 4. d4 Nf6 5. Nf3 Bf5 6. Bd2 e6 7. Bc4 Bb4
8. Qe2 O-O 9. O-O-O Nc6 10. a3 Bxa3 11. bxa3 Qxa3+ 12. Kb1 Nb4 13. Ne1 b5
14. Nxb5 Qa4 15. Kb2 Nxc2 16. Bc3 Rab8 17. Nxc2 Bxc2 18. Ra1 Rxb5+ 19. Kc1
Rb1+ 20. Rxb1 Bxb1 21. Kxb1 Rb8+ 22. Bb2 Qb4 23. f3 Nd7 24. Rc1 Nb6 25. Rc2
a5 26. d5 exd5 27. Qe5 Qf8 28. Bxd5 Re8 29. Qf5 Re1+ 30. Ka2 Qe8 31. Bxf7+
Qxf7+ 32. Qxf7+ Kxf7 33. Rxc7+ Kf8 1/2-1/2

[Event "38th TCh-GRE DivA"]
[Site "Peristeri GRE"]
[Date "2010.07.10"]
[Round "6"]
[White "Themeli,D"]
[Black "Spirou,M"]
[Result "0-1"]
[WhiteElo "1684"]
[BlackElo "1853"]
[EventDate "2010.07.05"]

1. c4 e5 2. g3 g6 3. Bg2 Bg7 4. Nc3 Nc6 5. e4 Nge7 6. Nge2 d6 7. O-O O-O 8.
d3 Nd4 9. h3 Nec6 10. f4 f5 11. Rb1 a5 12. Be3 Be6 13. Kh2 Qd7 14. b3 Nxe2
15. Nxe2 a4 16. Qc1 axb3 17. axb3 Nb4 18. Qd2 c5 19. Nc3 Ra3 20. fxe5 Bxe5
21. d4 cxd4 22. Bxd4 Qg7 23. Nb5 Ra2 24. Qxb4 Bxd4 25. Qxd6 Be5 26. Qxe6+
Kh8 27. exf5 gxf5 28. Rf3 Rg8 29. Kg1 Bxg3 30. Kf1 Be5 31. Rf2 Rxf2+ 32.
Kxf2 Qxg2+ 33. Ke1 Qe4+ 34. Kd2 Bf4+ 35. Kc3 Qxe6 0-1

[Event "38th TCh-GRE DivA"]
[Site "Peristeri GRE"]
[Date "2010.07.10"]
[Round "6"]
[White "Fragkou,E"]
[Black "Brunello,M"]
[Result "0-1"]
[WhiteElo "1896"]
[BlackElo "2216"]
[EventDate "2010.07.05"]

1. e4 c5 2. Nf3 d6 3. d4 cxd4 4. Nxd4 Nf6 5. Nc3 a6 6. Bc4 e6 7. Bb3 Nc6 8.
f4 Qc7 9. Be3 Bd7 10. Qf3 Na5 11. O-O-O Nxb3+ 12. Nxb3 Rc8 13. Rhe1 b5 14.
Rd2 b4 15. Ne2 Bc6 16. Ng3 h5 17. h4 Be7 18. Bg1 g6 19. Nd4 Bb7 20. Qb3 Qc4
21. Qa4+ Nd7 22. Nf3 Bc6 23. Qb3 Qxb3 24. axb3 Bb7 25. Bd4 Rg8 26. Ng5 Nc5
27. Kb1 f6 28. Nf3 Kf7 29. Bf2 Nd7 30. Red1 Rc7 31. Bg1 Rgc8 32. Ne1 f5 33.
exf5 exf5 34. Bf2 Nf6 35. Nd3 Bxg2 36. Nxb4 Bb7 37. Bb6 Rd7 38. c4 Ne4 39.
Nxe4 Bxe4+ 40. Nc2 Rb7 41. Bf2 Rxb3 42. Ka2 Rf3 43. b3 Rxf4 44. Ne3 Rf3 45.
Nc2 a5 46. Nd4 Rf4 47. Nb5 a4 48. Be1 axb3+ 49. Kxb3 Rf3+ 0-1

[Event "38th TCh-GRE DivA"]
[Site "Peristeri GRE"]
[Date "2010.07.10"]
[Round "6"]
[White "Kaforos,D"]
[Black "Filippas,S"]
[Result "1-0"]
[WhiteElo "2214"]
[BlackElo "2208"]
[EventDate "2010.07.05"]

1. e4 c5 2. Nf3 d6 3. c3 Nf6 4. h3 Nc6 5. Bd3 d5 6. e5 Nd7 7. Bb5 Qa5 8.
Qe2 e6 9. O-O c4 10. a4 Be7 11. d4 cxd3 12. Bxd3 Qc7 13. Re1 O-O 14. Na3 a6
15. Nc2 Nc5 16. Ncd4 Nxd4 17. cxd4 Nb3 18. Rb1 Bd7 19. Bxh7+ Kxh7 20. Qd3+
Kg8 21. Qxb3 Rab8 22. Bg5 Bxg5 23. Nxg5 Qc4 24. Qd1 Qxa4 25. b3 Qb5 26. Re3
g6 27. Qg4 Kg7 28. Qh4 Rh8 29. Qf4 Be8 30. Qf6+ Kg8 31. Rf3 Qd7 32. Rc1 a5
33. Rfc3 Qd8 34. Qf4 Rh5 35. h4 b5 36. Rc7 a4 37. Rxf7 Bd7 38. Rf6 Qe8 39.
Nf7 Rh7 40. Rxg6+ Rg7 41. Rxg7+ Kxg7 42. Qf6+ Kg8 43. Nd6 Qf8 44. Qg6+ Qg7
45. Qxg7+ Kxg7 46. bxa4 b4 47. a5 b3 48. a6 Rb4 49. a7 b2 50. Rb1 Bc6 51.
Ne8+ Kf7 52. Nc7 Ra4 53. Rxb2 Rxa7 54. Nb5 Bxb5 55. Rxb5 Ra4 56. Rb7+ Kg6
57. g4 Rxd4 58. f3 1-0

[Event "38th TCh-GRE DivA"]
[Site "Peristeri GRE"]
[Date "2010.07.10"]
[Round "6"]
[White "Bellos,I"]
[Black "Fragkos,V"]
[Result "1/2-1/2"]
[WhiteElo "1859"]
[BlackElo "1966"]
[EventDate "2010.07.05"]

1. e4 c5 2. Nf3 d6 3. d4 cxd4 4. Nxd4 Nf6 5. Nc3 e5 6. Bb5+ Bd7 7. Bxd7+
Qxd7 8. Nf5 Nxe4 9. Nxg7+ Bxg7 10. Nxe4 d5 11. Bh6 O-O 12. Nc5 Qc6 13. Bxg7
Kxg7 14. Qh5 f6 15. Nd3 Na6 16. c3 d4 17. O-O e4 18. Nf4 d3 19. Rfe1 f5 20.
Nxd3 Qd6 21. Nc1 Nc5 22. b4 Na4 23. Ne2 Rad8 24. Nd4 Qf6 25. Re3 Nxc3 26.
Rxc3 Rxd4 27. Rc7+ Rf7 28. Rxf7+ Qxf7 29. Qg5+ Qg6 30. Qe7+ Kg8 31. Qxb7
Qb6 32. Qc8+ Qd8 33. Qxd8+ Rxd8 34. g3 Rd2 35. Rc1 Rxa2 36. Rc5 Ra3 37.
Rxf5 e3 38. fxe3 Rxe3 39. Rb5 Rb3 40. Ra5 Rxb4 41. Rxa7 Rb2 42. Re7 Ra2 43.
Re1 Kg7 44. Rf1 Rb2 45. Rf2 Rb4 46. Kg2 Ra4 47. h3 Ra3 48. h4 h5 49. Rf5
Kg6 50. Rg5+ Kh6 1/2-1/2

[Event "38th TCh-GRE DivA"]
[Site "Peristeri GRE"]
[Date "2010.07.10"]
[Round "6"]
[White "Michelakos,P"]
[Black "Tzouganakis,P"]
[Result "1-0"]
[WhiteElo "1996"]
[BlackElo "2095"]
[EventDate "2010.07.05"]

1. e4 c5 2. Nf3 d6 3. d4 cxd4 4. Nxd4 Nf6 5. Nc3 a6 6. Qf3 e6 7. g4 h6 8.
Be2 Nc6 9. Nb3 Qc7 10. Qh3 Nd7 11. Be3 b5 12. f4 Nb6 13. a4 Nb4 14. Bxb6
Qxb6 15. Bd3 bxa4 16. Nxa4 Qc7 17. Nc3 Bb7 18. Na5 d5 19. Nxb7 Qxb7 20.
exd5 Nxd5 21. Nxd5 Qxd5 22. Ke2 Bc5 23. Qf3 Qxf3+ 24. Kxf3 a5 25. Ra4 Ke7
26. Rha1 Rhb8 27. Rxa5 Rxa5 28. Rxa5 Bg1 29. Ra1 Bd4 30. c3 Bf6 31. Ra2 g5
32. f5 Be5 33. h3 exf5 34. Bxf5 Rd8 35. Ke2 f6 36. Ra7+ Kd6 37. Kd3 Kc5+
38. Rd7 Rb8 39. Kc2 Ra8 40. Be4 Ra1 41. b4+ Kb5 42. Rb7+ Kc4 43. Bd3+ Kd5
44. Rb5+ Kd6 45. c4 Ra2+ 46. Kb3 Rh2 47. Rd5+ Kc7 48. Ka4 Rxh3 49. Kb5 h5
50. gxh5 Rxh5 51. Bf5 g4 52. Bxg4 Rg5 53. Rd7+ Kc8 54. Be6 Bg3+ 55. c5 Re5
56. Rg7+ Rxe6 57. Rxg3 f5 58. c6 f4 59. Rg8+ Kc7 60. Rg7+ Kc8 61. Kb6 1-0

[Event "38th TCh-GRE DivA"]
[Site "Peristeri GRE"]
[Date "2010.07.10"]
[Round "6"]
[White "Kritz,L"]
[Black "Nikolaidis,I"]
[Result "1-0"]
[WhiteElo "2618"]
[BlackElo "2493"]
[EventDate "2010.07.05"]

1. e4 e5 2. Nf3 Nc6 3. Bb5 a6 4. Ba4 d6 5. O-O Nf6 6. Re1 b5 7. Bb3 Na5 8.
d4 Nxb3 9. axb3 Nd7 10. dxe5 Nxe5 11. Bf4 Ng6 12. Bg5 Be7 13. Bxe7 Nxe7 14.
e5 O-O 15. exd6 cxd6 16. Nc3 Bb7 17. Ne4 Nf5 18. Qd2 Nh4 19. Nxh4 Qxh4 20.
Ng3 Qf6 21. c3 Rfe8 22. Rad1 h6 23. Rxe8+ Rxe8 24. Qxd6 Re1+ 25. Nf1 Qg5
26. Qd8+ Qxd8 27. Rxd8+ Kh7 28. b4 f5 29. f3 Rb1 30. Rd2 f4 31. Kf2 Bc8 32.
h4 h5 33. Nh2 g5 34. hxg5 Kg6 35. Nf1 Kxg5 36. Re2 Kg6 37. Nd2 Rxb2 38. Ne4
Rxe2+ 39. Kxe2 h4 40. Kd3 Be6 41. Kd4 Kf5 42. Nd6+ Kf6 43. Ke4 h3 44. gxh3
Bxh3 45. Nb7 Ke7 46. Nc5 Bc8 47. Ke5 Kd8 48. Kxf4 Kc7 49. Ke4 1-0

[Event "38th TCh-GRE DivA"]
[Site "Peristeri GRE"]
[Date "2010.07.10"]
[Round "6"]
[White "Souleidis,G"]
[Black "Postny,E"]
[Result "1-0"]
[WhiteElo "2410"]
[BlackElo "2577"]
[EventDate "2010.07.05"]

1. e4 e5 2. Nf3 Nc6 3. Nc3 Nf6 4. g3 Bc5 5. Bg2 d6 6. d3 a6 7. h3 O-O 8.
O-O h6 9. Be3 Bxe3 10. fxe3 d5 11. Nh4 dxe4 12. dxe4 Qxd1 13. Raxd1 Be6 14.
Nd5 Ne8 15. c4 g6 16. Rf2 Kg7 17. g4 f6 18. b4 Rf7 19. a3 Rd8 20. c5 Rdd7
21. Rfd2 Nb8 22. Bf1 c6 23. Bc4 Rf8 24. Nb6 Rxd2 25. Rxd2 Nc7 26. Nf3 Re8
27. Bxe6 Nxe6 28. h4 Rd8 29. Nc4 Rxd2 30. Nfxd2 Kf8 31. Na5 Nd8 32. Ndc4
Nd7 33. h5 Kg7 34. Kf2 Kh7 35. Kg3 Kg7 36. Nd6 b6 37. cxb6 Nxb6 38. Ne8+
Kf7 39. Nc7 gxh5 40. gxh5 Na4 41. Nxa6 Ne6 42. Nb3 Nc3 43. Nac5 Ng7 44. Kg4
Ke7 45. a4 Kd6 46. a5 Kc7 47. Nd2 Na2 48. a6 Kb6 49. Nc4+ Ka7 50. Nd6 Nxb4
51. Nc8+ Ka8 52. a7 Nc2 53. Na6 Ne8 54. Kf5 Nxe3+ 55. Kg6 f5 56. exf5 Nd5
57. Nc5 Nef6 58. Nb6+ Nxb6 59. Kxf6 Kxa7 60. Kxe5 1-0

[Event "38th TCh-GRE DivA"]
[Site "Peristeri GRE"]
[Date "2010.07.10"]
[Round "6"]
[White "Stavrianakis,I"]
[Black "Zahariev,Z"]
[Result "0-1"]
[WhiteElo "2249"]
[BlackElo "2387"]
[EventDate "2010.07.05"]

1. d4 Nf6 2. c4 g6 3. Nc3 d5 4. Nf3 Bg7 5. Bf4 c6 6. Rc1 dxc4 7. e4 b5 8.
d5 Bb7 9. dxc6 Qxd1+ 10. Rxd1 Nxc6 11. Nxb5 O-O 12. Nc3 Nb4 13. Bxc4 Nxe4
14. O-O Nxc3 15. bxc3 Rac8 16. Bb3 Nc6 17. Rd7 Ba8 18. c4 a6 19. c5 Na5 20.
Bd5 Rxc5 21. Bxa8 Rxa8 22. Rxe7 Rc2 23. g3 Rxa2 24. Rfe1 Ra1 25. Rxa1 Bxa1
26. Rc7 Nb3 27. Ng5 Nd4 28. Nxf7 Ne2+ 29. Kf1 Nxf4 30. gxf4 a5 31. Nh6+ Kf8
32. Rf7+ Ke8 33. Rxh7 a4 34. f5 a3 35. fxg6 a2 36. Nf5 Be5 0-1

[Event "38th TCh-GRE DivA"]
[Site "Peristeri GRE"]
[Date "2010.07.10"]
[Round "6"]
[White "Pavlidis,Ana"]
[Black "Parginos,V"]
[Result "1-0"]
[WhiteElo "2359"]
[BlackElo "2227"]
[EventDate "2010.07.05"]

1. e4 c5 2. Nf3 Nc6 3. d4 cxd4 4. Nxd4 Nf6 5. Nc3 e5 6. Ndb5 d6 7. Bg5 a6
8. Na3 b5 9. Bxf6 gxf6 10. Nd5 Bg7 11. Bd3 Ne7 12. Nxe7 Qxe7 13. O-O O-O
14. c4 f5 15. Qf3 Re8 16. Rfe1 b4 17. Nc2 f4 18. Nxb4 Qg5 19. Be2 Rb8 20.
Qa3 Re6 21. Nd5 Rh6 22. Rac1 Qh4 23. h3 f5 24. c5 Bf8 25. c6 fxe4 26. c7
Rxb2 27. Qxb2 Bxh3 28. Qb3 Be6 29. Nf6+ Kh8 30. Nh5 f3 31. Bxf3 exf3 32.
Qxf3 Rxh5 33. Qxf8+ Bg8 34. Qxg8+ Kxg8 35. c8=Q+ 1-0

[Event "38th TCh-GRE DivA"]
[Site "Peristeri GRE"]
[Date "2010.07.10"]
[Round "6"]
[White "Papadakis,M"]
[Black "Kouvatsos,F"]
[Result "1-0"]
[WhiteElo "2207"]
[BlackElo "2144"]
[EventDate "2010.07.05"]

1. d4 d5 2. c4 c6 3. Nc3 Nf6 4. e3 a6 5. Qc2 b5 6. b3 g6 7. Nf3 Bf5 8. Bd3
Bxd3 9. Qxd3 Bg7 10. O-O Nbd7 11. e4 b4 12. e5 bxc3 13. exf6 Nxf6 14. Qxc3
O-O 15. Bb2 Rc8 16. c5 Qc7 17. Qc2 Ne4 18. Nd2 Nxd2 19. Qxd2 e5 20. Qe2 Qa5
21. dxe5 Qxc5 22. Rac1 Qa5 23. Bc3 Qb6 24. Rfd1 Rfe8 25. b4 Re6 26. a3 f6
27. Qg4 Rce8 28. exf6 Bxf6 29. Bxf6 Rxf6 30. Rc5 a5 31. Qd4 axb4 32. axb4
Rfe6 33. g3 Re4 34. Qc3 Rf8 35. Rd4 Rxd4 36. Qxd4 Rb8 37. b5 cxb5 38. Rc8+
Kf7 39. Qxd5+ Kg7 40. Qe5+ 1-0

[Event "38th TCh-GRE DivA"]
[Site "Peristeri GRE"]
[Date "2010.07.10"]
[Round "6"]
[White "Kouvatsou,M"]
[Black "Markantonaki,H"]
[Result "1/2-1/2"]
[WhiteElo "2185"]
[BlackElo "2129"]
[EventDate "2010.07.05"]

1. e4 c5 2. Nf3 e6 3. b3 a6 4. Bb2 Nc6 5. d4 cxd4 6. Nxd4 Qf6 7. Be2 Bc5 8.
c3 Qg6 9. Bf3 Ne5 10. O-O Nf6 11. Nd2 O-O 12. c4 b6 13. Nc2 Nxf3+ 14. Qxf3
Bb7 15. Bxf6 gxf6 16. Qg3 Rfd8 17. Rad1 Rac8 18. Rfe1 d5 19. exd5 exd5 20.
Nf1 Bd6 21. Qxg6+ hxg6 22. Nfe3 dxc4 23. Nxc4 Bc7 24. a4 b5 25. axb5 axb5
26. N4a3 Rxd1 27. Rxd1 Bb6 28. Ne3 Rc3 29. Nxb5 Rxb3 30. Nd6 Bxe3 31. fxe3
Bc6 32. Nc4 Rc3 33. Rd4 Rc1+ 34. Kf2 Rc2+ 35. Nd2 Kg7 36. h4 f5 37. Kg3 Rc3
38. Kf2 Rc2 39. Kg3 Rc3 40. Kf2 Bb7 41. Rd7 1/2-1/2

[Event "38th TCh-GRE DivA"]
[Site "Peristeri GRE"]
[Date "2010.07.10"]
[Round "6"]
[White "Kokossis,D"]
[Black "Pavlidou,E"]
[Result "0-1"]
[WhiteElo "1753"]
[BlackElo "2182"]
[EventDate "2010.07.05"]

1. e4 c5 2. Nf3 Nc6 3. d4 cxd4 4. Nxd4 Nf6 5. Nc3 e6 6. a3 d6 7. Be2 Be7 8.
Be3 O-O 9. f4 a6 10. O-O Qc7 11. Bf3 Bd7 12. Qd2 Rac8 13. Nb3 b5 14. g4
Rfd8 15. g5 Ne8 16. Qf2 Rb8 17. h4 Bf8 18. h5 Bc8 19. Rad1 a5 20. Bg4 Ba6
21. f5 b4 22. fxe6 bxc3 23. exf7+ Kh8 24. fxe8=Q Rxe8 25. Rfe1 Ne5 26. Bf5
cxb2 27. Bd4 a4 28. Bxe5 dxe5 29. Nc5 Bxc5 0-1

[Event "38th TCh-GRE DivA"]
[Site "Peristeri GRE"]
[Date "2010.07.10"]
[Round "6"]
[White "Balokas,D2"]
[Black "Kazakos,E"]
[Result "0-1"]
[WhiteElo "1997"]
[BlackElo "2054"]
[EventDate "2010.07.05"]

1. d4 Nf6 2. c4 e6 3. Nf3 b6 4. g3 Ba6 5. b3 Bb4+ 6. Bd2 Be7 7. Bc3 d5 8.
Bg2 c6 9. Ne5 Nfd7 10. Nxd7 Nxd7 11. Nd2 Rc8 12. O-O O-O 13. Re1 f5 14. b4
Bd6 15. a4 Nf6 16. Qb1 Qe8 17. Rc1 Ne4 18. Nxe4 fxe4 19. b5 Bb7 20. bxc6
Bxc6 21. Bb4 Bxb4 22. Qxb4 Qh5 23. Qd6 Rf6 24. Ra2 Qf7 25. f3 exf3 26. exf3
dxc4 27. Rxc4 e5 28. Qb4 exd4 29. Rac2 d3 30. Rc1 Rd8 31. Qd2 Bxf3 32. Rc7
Qd5 33. Bxf3 Rxf3 34. Rxa7 Rdf8 35. Qb2 Qg5 36. Rcc7 Qe3+ 37. Kh1 Rf1+ 38.
Kg2 R1f2+ 39. Kh3 Qh6+ 40. Kg4 Qg6+ 41. Kh3 Qh5+ 0-1

[Event "38th TCh-GRE DivA"]
[Site "Peristeri GRE"]
[Date "2010.07.10"]
[Round "6"]
[White "Sandalakis,N"]
[Black "Dimopoulos,D"]
[Result "1-0"]
[WhiteElo "1931"]
[BlackElo "1919"]
[EventDate "2010.07.05"]

1. e4 c5 2. Nf3 Nc6 3. d4 cxd4 4. Nxd4 Qb6 5. Nb3 Nf6 6. Bd3 e6 7. O-O a6
8. Nc3 Be7 9. Be3 Qc7 10. f4 d6 11. a4 b6 12. Qf3 O-O 13. Rae1 Nd7 14. Qh3
Nb4 15. f5 Ne5 16. Qg3 Kh8 17. Bd2 Bd7 18. Kh1 Nbxd3 19. cxd3 b5 20. axb5
axb5 21. Rc1 Qb7 22. Nd4 b4 23. Nce2 Ra2 24. fxe6 fxe6 25. Bg5 Bf6 26. Bxf6
gxf6 27. Nf4 Rxb2 28. Nfxe6 Bxe6 29. Nxe6 Rg8 30. Qh4 Qe7 31. Rc7 Ng6 32.
Qh6 Qxc7 33. Nxc7 b3 34. h4 Rc2 35. h5 Rxc7 36. hxg6 b2 37. g7+ Rgxg7 38.
Qd2 Rb7 39. Rb1 Rg3 40. Rxb2 Rxb2 41. Qxb2 Rxd3 42. Qxf6+ Kg8 43. Qd8+ Kg7
44. e5 1-0

[Event "38th TCh-GRE DivA"]
[Site "Peristeri GRE"]
[Date "2010.07.10"]
[Round "6"]
[White "Zeppos,P"]
[Black "Hnaras,F"]
[Result "1/2-1/2"]
[WhiteElo "1886"]
[BlackElo "1551"]
[EventDate "2010.07.05"]

1. e4 e5 2. Nf3 Nc6 3. Bb5 a6 4. Ba4 d6 5. O-O Nf6 6. Re1 Be7 7. h3 O-O 8.
c3 b5 9. Bc2 Bb7 10. d3 h6 11. Nbd2 Re8 12. Nf1 Bf8 13. Ng3 Ne7 14. Be3 Ng6
15. a4 d5 16. Qd2 dxe4 17. dxe4 Qxd2 18. Nxd2 Nd7 19. Nb3 bxa4 20. Na5 Bc8
21. Bxa4 Re6 22. Bc6 Rb8 23. b4 Ne7 24. Ba4 Nb6 25. Bb3 Rd6 26. Bc5 Rf6 27.
Rad1 Be6 28. Bc2 Nc4 29. Nxc4 Bxc4 30. Rd7 Ng6 31. Bxf8 Kxf8 32. Rxc7 Bb5
33. Nf5 Rd8 34. Rd1 Rxd1+ 35. Bxd1 Rc6 36. Rxc6 Bxc6 37. f3 Nf4 38. Kf2 f6
39. h4 Bb5 40. Nd6 Bd7 41. g3 Ne6 42. Be2 Nc7 43. Nb7 Ke7 44. Ke3 Bc8 45.
Nc5 Kd6 46. Bc4 Kc6 47. f4 Kd6 48. f5 Kc6 49. Kf3 Nb5 50. Bxb5+ Kxb5 51.
Ke3 a5 52. Kd3 axb4 53. cxb4 Kxb4 54. Ne6 g6 55. g4 gxf5 56. gxf5 Kb5 57.
Nc7+ Kc6 58. Ne8 Kd7 59. Nxf6+ Kd6 60. h5 Ba6+ 61. Ke3 Bc4 62. Kf3 Ke7 63.
Ng4 Bf7 64. Nxe5 Bxh5+ 65. Kf4 Be2 66. Ng6+ Kf7 67. Ke5 h5 68. Kf4 Bd1 69.
Kg5 Bc2 70. e5 Bb1 71. Nh4 Ke7 72. Kxh5 Bxf5 73. Kg5 Bb1 74. Nf3 Ba2 75.
Nd4 Bd5 76. Kf5 Ba2 77. Nc6+ Kd7 78. Nb4 Bb3 79. Kf6 Kd8 80. Na6 Ba2 81.
Nb4 Bb3 82. Nc6+ Ke8 83. e6 Bxe6 84. Kxe6 1/2-1/2

[Event "38th TCh-GRE DivA"]
[Site "Peristeri GRE"]
[Date "2010.07.10"]
[Round "6"]
[White "Kalogeris,I"]
[Black "Ladopoulos,D"]
[Result "0-1"]
[WhiteElo "1853"]
[BlackElo "1872"]
[EventDate "2010.07.05"]

1. e4 e6 2. d4 d5 3. Nc3 Nf6 4. e5 Nfd7 5. Nf3 c5 6. dxc5 Nc6 7. Bf4 Bxc5
8. Bd3 f6 9. exf6 Nxf6 10. O-O O-O 11. Qe2 a6 12. a3 b5 13. Bg3 Bd6 14.
Rfe1 Ra7 15. Na2 Re8 16. Ne5 Qc7 17. Nxc6 Qxc6 18. Nb4 Qc7 19. Bh4 Rf8 20.
h3 Bd7 21. c3 a5 22. Nc2 e5 23. Bxf6 Rxf6 24. Bxb5 Bc5 25. Ne3 Be6 26. Kh1
Qf7 27. Rf1 h5 28. f3 Ra8 29. b4 Bb6 30. Kh2 Bc7 31. Kh1 Rf8 32. Rad1 Rd8
33. Bd3 Re8 34. Bb1 g6 35. Qd3 Rd8 36. b5 Bb6 37. Qe2 g5 38. Nc2 Qc7 39.
Qd2 Qg7 40. Ba2 g4 41. fxg4 hxg4 42. Rxf6 Qxf6 43. Kh2 Bf2 44. Rf1 g3+ 45.
Kh1 Qh4 46. Ne1 e4 47. b6 Bxh3 48. Bxd5+ Be6+ 0-1

[Event "38th TCh-GRE DivA"]
[Site "Peristeri GRE"]
[Date "2010.07.10"]
[Round "6"]
[White "Sjugirov,S"]
[Black "Kryvoruchko,Y"]
[Result "1/2-1/2"]
[WhiteElo "2610"]
[BlackElo "2609"]
[EventDate "2010.07.05"]

1. e4 e5 2. Nf3 Nc6 3. Bb5 Nf6 4. O-O Nxe4 5. d4 Be7 6. Qe2 Nd6 7. Bxc6
bxc6 8. dxe5 Nb7 9. Nd4 O-O 10. Nf5 d6 11. exd6 Bxd6 12. Nxd6 cxd6 13. c4
d5 14. cxd5 cxd5 15. Rd1 Nc5 16. Be3 Ne4 17. f3 Nf6 18. Nc3 Be6 19. Bd4 Nd7
20. Qf2 Qb8 21. b3 Rd8 22. Rac1 Qb7 23. Na4 f6 24. Re1 Re8 25. Qg3 Qb4 26.
Red1 Rac8 27. Rc7 Rxc7 28. Qxc7 a6 29. Qc6 Qb5 30. Qd6 Bf7 31. Nc3 Qb7 32.
Bf2 Re6 33. Qf4 Re5 34. Qd4 Nb8 35. Bg3 Nc6 36. Qc5 Re7 37. Nxd5 Rd7 38. h4
h6 39. Kh2 Ne5 40. Ne3 Rxd1 41. Nxd1 Nd3 42. Qd6 Nb4 43. Nc3 Kh7 44. Ne4
Nxa2 45. Nxf6+ gxf6 46. Qxf6 Bd5 47. Qf5+ Kg8 48. Qg6+ Qg7 49. Qxa6 Bxb3
50. Qd6 Qf8 51. Qg6+ Qg7 52. Qd6 Qf8 53. Qg6+ Qg7 54. Qf5 Bf7 55. Be5 Qg6
56. Qc8+ Be8 57. Qc4+ Bf7 58. Qc8+ Be8 59. Qb7 Nc1 60. Qd5+ Bf7 61. Qd8+
Be8 62. Qd5+ Bf7 63. Qd8+ Be8 64. Qd5+ 1/2-1/2

[Event "38th TCh-GRE DivA"]
[Site "Peristeri GRE"]
[Date "2010.07.10"]
[Round "6"]
[White "Ninov,N"]
[Black "Ragger,M"]
[Result "1/2-1/2"]
[WhiteElo "2512"]
[BlackElo "2614"]
[EventDate "2010.07.05"]

1. e4 c6 2. d4 d5 3. Nc3 dxe4 4. Nxe4 Bf5 5. Nc5 e5 6. Nxb7 Qb6 7. Nc5 exd4
8. Nb3 Bb4+ 9. Bd2 Nf6 10. Bd3 Bxd3 11. cxd3 O-O 12. Ne2 c5 13. Bxb4 Qxb4+
14. Qd2 Nc6 15. O-O Qxd2 16. Nxd2 Ne5 17. Nc1 Nd5 18. Rd1 Rab8 19. Nc4 Rfe8
20. Nb3 Nf4 21. Nxe5 Rxe5 22. g3 Nd5 23. Rac1 Nb4 24. Nxc5 Nxa2 25. Nd7
Nxc1 26. Rxc1 Reb5 27. Nxb8 Rxb8 28. Rc7 g6 29. Rxa7 Rb3 30. Ra3 Rxb2 31.
Ra4 h5 32. Rxd4 Kg7 33. h4 Kf6 34. Kg2 Ke5 35. Re4+ Kd6 36. Kf3 Rd2 37. Ke3
Ra2 38. Rb4 Ke6 39. Rb6+ Ke7 40. Rb1 Ke6 41. Re1 Kd5 42. Re2 Ra3 43. Rb2
Ke6 44. Ke4 Ra1 45. d4 Re1+ 46. Kf4 Rd1 47. Rb6+ Ke7 48. Ke3 Re1+ 49. Kd2
Ra1 50. Ke2 Ra3 51. Rc6 Rb3 52. Rc7+ Ke6 53. d5+ Kxd5 54. Rxf7 Ke6 55. Rf4
Ke5 56. Rf8 Ke6 57. f3 Ra3 58. Kf2 Ra2+ 59. Ke3 Ra4 1/2-1/2

[Event "38th TCh-GRE DivA"]
[Site "Peristeri GRE"]
[Date "2010.07.10"]
[Round "6"]
[White "Tsarouhas,K"]
[Black "Sismanis,A"]
[Result "1/2-1/2"]
[WhiteElo "2205"]
[BlackElo "2226"]
[EventDate "2010.07.05"]

1. c4 Nf6 2. Nc3 d5 3. cxd5 Nxd5 4. g3 g6 5. Bg2 Nb6 6. Nf3 Bg7 7. O-O O-O
8. d3 Nc6 9. Be3 h6 10. Rc1 e5 11. Na4 Nd5 12. Bd2 Nd4 13. Nxd4 exd4 14.
Qb3 c6 15. Bxd5 cxd5 16. Rc5 Bd7 17. Rxd5 Qe8 18. Nc5 Bc6 19. Rd6 Qxe2 20.
Bb4 Kh7 21. Nd7 Qf3 22. Nxf8+ Bxf8 23. Rxc6 bxc6 24. Bxf8 Rxf8 25. Qb4 Rd8
26. Re1 Rd5 27. Re8 Rf5 28. Qxd4 Qd1+ 29. Kg2 Qf3+ 30. Kg1 Qd1+ 1/2-1/2

[Event "38th TCh-GRE DivA"]
[Site "Peristeri GRE"]
[Date "2010.07.10"]
[Round "6"]
[White "Hristodoulou,P"]
[Black "Kalaitzoglou,P"]
[Result "1-0"]
[WhiteElo "2149"]
[BlackElo "2201"]
[EventDate "2010.07.05"]

1. e4 e5 2. Nf3 Nc6 3. Bb5 a6 4. Ba4 Nf6 5. Qe2 b5 6. Bb3 Bc5 7. d3 d6 8.
c3 O-O 9. Bg5 Qe7 10. Nbd2 a5 11. Bd5 Ra6 12. Nh4 Nd8 13. a4 b4 14. Nf5
Bxf5 15. exf5 c6 16. Bc4 Ra7 17. Ne4 d5 18. Nxf6+ gxf6 19. Bh6 Kh8 20. Bxf8
Qxf8 21. Ba2 Nb7 22. O-O Qc8 23. Qh5 Qd7 24. Kh1 Nd6 25. Qh6 Qe7 26. Qh3
Rb7 27. Rac1 b3 28. Bb1 Qd7 29. Qh6 Qe7 30. Rce1 d4 31. Rxe5 Nxf5 32. Rxe7
1-0